<?xml version="1.0" encoding="UTF-8"?>
<record
    xmlns:xsi="http://www.w3.org/2001/XMLSchema-instance"
    xsi:schemaLocation="http://www.loc.gov/MARC21/slim http://www.loc.gov/standards/marcxml/schema/MARC21slim.xsd"
    xmlns="http://www.loc.gov/MARC21/slim">

  <leader>01663nam a22002537a 4500</leader>
  <controlfield tag="008">251120b        |||||||| |||| 00| 0 eng d</controlfield>
  <datafield tag="020" ind1=" " ind2=" ">
    <subfield code="a">9781804945322</subfield>
  </datafield>
  <datafield tag="040" ind1=" " ind2=" ">
    <subfield code="c">tbs</subfield>
  </datafield>
  <datafield tag="041" ind1=" " ind2=" ">
    <subfield code="a">eng</subfield>
  </datafield>
  <datafield tag="050" ind1=" " ind2=" ">
    <subfield code="a">PS3618.E533 </subfield>
    <subfield code="b">L33 2024</subfield>
  </datafield>
  <datafield tag="100" ind1=" " ind2=" ">
    <subfield code="a">Reid, Ava</subfield>
    <subfield code="9">26559</subfield>
    <subfield code="e">author</subfield>
  </datafield>
  <datafield tag="245" ind1=" " ind2=" ">
    <subfield code="a">Lady Macbeth :</subfield>
    <subfield code="c">/ Ava Reid.</subfield>
  </datafield>
  <datafield tag="260" ind1=" " ind2=" ">
    <subfield code="a">Dublin,</subfield>
    <subfield code="b">Penguin Books,</subfield>
    <subfield code="c">2025.</subfield>
  </datafield>
  <datafield tag="300" ind1=" " ind2=" ">
    <subfield code="a">295 pages :</subfield>
    <subfield code="b">illustrations ;</subfield>
    <subfield code="c">20 cm.</subfield>
  </datafield>
  <datafield tag="520" ind1=" " ind2=" ">
    <subfield code="a">From the Sunday Times bestselling author of A STUDY IN DROWNING comes a reimagining of Lady Macbeth, Shakespeare&#x2019;s most famous villainess, giving her a voice, a past, and a power that transforms the story men have written for her.

The Lady knows the stories: that her eyes induce madness in men.

The Lady knows she will be wed to the Scottish brute, who does not leave his warrior ways behind when he comes to the marriage bed.

The Lady knows his hostile, suspicious court will be a game of survival, requiring all of her wiles and hidden witchcraft to survive.

But the Lady does not know her husband has occult secrets of his own. She does not know that prophecy girds him like armour. She does not know that her magic is greater, and more dangerous, and that it will threaten the order of the world.

She does not know this yet. But she will.</subfield>
  </datafield>
  <datafield tag="600" ind1=" " ind2="0">
    <subfield code="a">Gruoch, Queen, consort of Macbeth, King of Scotland</subfield>
    <subfield code="v">Fiction</subfield>
    <subfield code="9">26560</subfield>
  </datafield>
  <datafield tag="650" ind1=" " ind2="0">
    <subfield code="a">Witches</subfield>
    <subfield code="v">Fiction</subfield>
    <subfield code="9">24028</subfield>
  </datafield>
  <datafield tag="650" ind1=" " ind2="0">
    <subfield code="a">Prophecies</subfield>
    <subfield code="v">Fiction</subfield>
    <subfield code="9">26563</subfield>
  </datafield>
  <datafield tag="651" ind1=" " ind2="0">
    <subfield code="a">Scotland</subfield>
    <subfield code="x">History </subfield>
    <subfield code="y">To 1057</subfield>
    <subfield code="v">Fiction</subfield>
    <subfield code="9">26561</subfield>
  </datafield>
  <datafield tag="651" ind1=" " ind2="0">
    <subfield code="a">Scotland</subfield>
    <subfield code="x">Kings and rulers</subfield>
    <subfield code="v">Fiction</subfield>
    <subfield code="9">26562</subfield>
  </datafield>
  <datafield tag="655" ind1=" " ind2="0">
    <subfield code="a">Historical fiction</subfield>
    <subfield code="9">22722</subfield>
  </datafield>
  <datafield tag="655" ind1=" " ind2="0">
    <subfield code="a">Gothic fiction</subfield>
    <subfield code="9">23121</subfield>
  </datafield>
  <datafield tag="942" ind1=" " ind2=" ">
    <subfield code="2">lcc</subfield>
  </datafield>
  <datafield tag="952" ind1=" " ind2=" ">
    <subfield code="0">0</subfield>
    <subfield code="1">0</subfield>
    <subfield code="2">lcc</subfield>
    <subfield code="4">0</subfield>
    <subfield code="7">0</subfield>
    <subfield code="a">TBS</subfield>
    <subfield code="b">TBS</subfield>
    <subfield code="d">2025-11-20</subfield>
    <subfield code="l">0</subfield>
    <subfield code="o">P-EN REI</subfield>
    <subfield code="p">B05619</subfield>
    <subfield code="r">2025-11-20</subfield>
    <subfield code="t">1</subfield>
    <subfield code="w">2025-11-20</subfield>
    <subfield code="y">1</subfield>
  </datafield>
  <datafield tag="999" ind1=" " ind2=" ">
    <subfield code="c">5194</subfield>
    <subfield code="d">5194</subfield>
  </datafield>
</record>
